Nazwy państw kilku członowych - Statystyki

Ogólne statystyki
  • Ten quiz został rozwiązany 31 razy
  • Średni wynik to 24 z 31
Statystyki odpowiedzi
Wyrazy Państwo % Poprawnych
2 Korea Południowa
96%
2/3 Papua-Nowa Gwinea
96%
2 Korea Północna
91%
3 Republika Południowej Afryki
91%
5 Wyspy Świętego Tomasza i Książęca
91%
3 Antigua i Barbuda
87%
2 Arabia Saudyjska
87%
3 Demokratyczna Republika Konga
87%
3 Republika Zielonego Przylądka
87%
2 San Marino
87%
2 Stany Zjednoczone
87%
2 Wielka Brytania
87%
2 Saint Lucia
83%
3 Trynidad i Tobago
83%
3 Zjednoczone Emiraty Arabskie
83%
2 Gwinea Bissau
78%
2 Republika Środkowoafrykańska
78%
2 Sri Lanka
78%
2 Sudan Południowy
78%
3 Bośnia i Hercegowina
74%
2 Gwinea Równikowa
74%
2 Macedonia Północna
74%
2 Nowa Zelandia
74%
4 Saint Kitts i Nevis
74%
2 Wyspy Marshalla
74%
2 Wyspy Salomona
74%
3 Wybrzeże Kości Słoniowej
70%
2 Timor Wschodni
65%
2 Sierra Leone
57%
4 Saint Vincent i Grenadyny
52%
2 Burkina Faso
43%
Nie znaleziono quizów pasujących do podanych kryteriów
Rozkład punktacji
Procent ludzi z każdym wynikiem
Percentyl według liczby udzielonych odpowiedzi
Twoja historia wyników
Nie rozwiązałeś tego quizu